[Event "Tata Steel-A 75th"]
[Site "Wijk aan Zee"]
[Date "2013.01.18"]
[Round "6"]
[White "Carlsen, Magnus"]
[Black "Sokolov, Ivan"]
[Result "1-0"]
[WhiteElo "2861"]
[BlackElo "2663"]
[Annotator "Carlsen,Magnus"]
[PlyCount "95"]
[EventDate "2013.01.12"]
[EventType "tourn"]
[EventRounds "13"]
[EventCountry "NED"]
[EventCategory "20"]
[SourceTitle "CBM 153"]
[Source "ChessBase"]
[SourceDate "2013.03.14"]
[SourceVersion "1"]
[SourceVersionDate "2013.03.14"]
[SourceQuality "1"]

1. e4 e5 2. Nf3 Nc6 3. Bb5 a6 4. Ba4 Nf6 5. O-O b5 6. Bb3 Bb7 7. d3 Bc5 8. a4 O-O 9. Bg5 ({The complications that arise after Die Komplikation, die nach} 9. Nc3 Na5 {have been working well for Black, as far as I know. The text is a more positional approach, aiming for a slight advantage. entstehen, haben für Schwarz gut funktoniert, soweit ich weiß. Der Text ist eine positionellere Herangehensweise, die auf einen kleinen Vorteil abzielt.}) 9... h6 10. Bh4 d6 ({RR} 10... Be7 11. axb5 axb5 12. Rxa8 Qxa8 13. Na3 Qa5 14. Bd5 d6 15. c4 bxc4 16. Nxc4 Qb5 17. Ne3 Bc8 18. Bxf6 Bxf6 19. Qc2 Bd7 20. Ra1 Rb8 21. b3 Bd8 22. Bc4 Qc5 23. h3 Nb4 24. Qd1 c6 25. Rc1 {Nepomniachtchi,I (2784)-Caruana,F (2835) chess24.com INT 2020 ½-½ (68)}) ({RR} 10... Be7 11. Bg3 d6 12. Na3 b4 13. Nc4 Bc8 14. h3 Be6 15. a5 Rb8 16. Re1 Qc8 17. c3 Qb7 18. Nfd2 Nd7 19. Bc2 Bg5 20. Qe2 Bxd2 21. Nxd2 Qa7 22. Ba4 Ne7 23. Nf3 bxc3 24. bxc3 Nc5 25. Bc2 {Lavrencic,M (2446)-Trushko,A (2131) Petrovac MNE 2025 0-1 (45)}) 11. c3 Qe7 $146 {Ivan went for this after a bit of thought. I assumed the plan was to go d8-e6 at some point, while staying flexible and keeping the option of going g5 at the appropriate juncture. Dies wählte Ivan nach ein wenig Nachdenken. Ich vermute, der Plan war, d8-e6 an irgendeiner Stelle zu spielen und dabei flexibel zu bleiben und sich die Möglichkeit zu g5 im passenden Moment vorzubehalten.} ({RR} 11... g5 12. Bg3 Kg7 13. Na3 Bxa3 14. Rxa3 Nd7 15. h4 f6 16. d4 Ne7 17. Re1 Ng6 18. Be6 Nb6 19. a5 Qe8 20. Bf5 Nc8 21. c4 b4 22. Rd3 Nce7 23. Bg4 Nf4 24. Bxf4 gxf4 25. Nd2 exd4 26. Rxd4 {Dvoirys,S (2595)-Fontaine,R (2537) Moscow 2005 1-0 (37)}) ({RR} 11... g5 12. Bg3 Qe7 13. Na3 Bxa3 14. bxa3 Na5 15. Bc2 c5 16. Re1 Bc8 17. axb5 axb5 18. Rb1 Rb8 19. a4 b4 20. cxb4 cxb4 21. d4 Bg4 22. d5 Rfc8 23. Bd3 Rc3 24. Bb5 b3 25. Qd2 Rbc8 26. Bc6 {Atakisi,U (2355)-Furhoff,J (2328) Izmir 2013 0-1 (60)}) 12. Na3 {This is just awful, especially in combination with my next move. Das ist einfach schrecklich, vor allem in Kombination mit meinem nächsten Zug.} (12. Nbd2 {would have been the sane choice. wäre die gesunde Wahl gewesen.}) (12. Kh1 {was played in one of the three games that reached this position. It probably makes more sense than what I did. wurde in einer der drei Partien gespielt, die diese Stellung erreichten. Es ist vermutlich sinnvoller als das, was ich tat.}) 12... Na5 {Of course.  Natürlich.} 13. Bc2 ({I had assumed that Ich hatte angenommen, dass} 13. axb5 Nxb3 14. Qxb3 {would work out for me, but Black actually has several good options here, including the simple für mich funktionieren würde, tatsächlich aber hat Schwarz hier sogar mehrere gute Möglichkeiten, darunter das einfache} Rfb8 15. Qc2 (15. bxa6 Bxe4 16. Qd1 Bxf3 17. Qxf3 g5 18. b4 Bb6 {and ...xa6 und ...xa6}) 15... Bxa3 16. Rxa3 axb5 {and Black is absolutely fine. und Schwarz steht absolut ordentlich.}) (13. Ba2 {was another option, but after the simple war eine andere Option, aber nach dem einfachen} Bxa3 14. bxa3 c5 {it appeared to me that Black would have too easy a game, with c4 coming up, so I decided to keep the tension at the cost of two tempi. schien mir, dass Schwarz, mit bevorstehendem c4, zu leichtes Spiel haben würde, daher beschloss ich, auf Kosten zweier Tempi die Spannung aufrechtzuerhalten.}) 13... b4 14. Nb1 g5 15. Bg3 Nh5 {Obviously, Black is doing well now. However, the white position still has some long-term potential, especially based on the potentially offside knight on a5 (spoiler alert: it did not make another move in the game). Offenkundig steht Schwarz jetzt gut. Allerdings hat die weiße Stellung dennoch langfristiges Potential, vor allem basierend auf dem potentiell abseits stehenden Springer auf a5 (Spielverderberalarm: Er machte in der Partie keinen Zug mehr).} 16. Nbd2 Ba7 17. Re1 bxc3 18. bxc3 Nxg3 19. hxg3 Qf6 20. Qe2 Rfb8 21. Rab1 Bc8 22. Nf1 {It seems that White is not really worse here, but it was only after the next move that I really started to hope for something more. Es scheint, dass Weiß hier nicht wirklich schlechter steht, aber erst nach dem nächsten Zug begann ich tatsächlich, auf etwas mehr zu hoffen.} Rxb1 {In slight time pressure Ivan decided to simplify. However, the double rook exchange loses crucial time, allowing me to get in e3 and d4. In slight time pressure Ivan decided to simplify. However, the double rook exchange loses crucial time, allowing me to get in e3 and d4.} (22... Be6 {or most other sensible moves would have been absolutely fine. oder die meisten anderen vernünftigen Züge wären absolut in Ordnung gewesen.}) 23. Rxb1 Rb8 24. Rxb8 Bxb8 25. Ne3 Ba7 (25... Nc6 26. Nh2 {with g4 to come would also have been unpleasant. mit g4 im Fahrwasser wäre ebenfalls unangenehm gewesen.}) 26. d4 {This is the point. I have time to develop an initiative before he can bring the knight and bishop back into play. Das ist der Punkt. Ich habe Zeit, eine Initiative zu entwickeln, bevor er Springer und Läufer wieder ins Spiel bringen kann.} g4 {This just allows the second knight to jump in. Dies erlaubt nur dem zweiten Springer, ins Spiel einzugreifen.} (26... exd4 27. cxd4 Bxd4 28. Nd5 {is no good either, but taugt ebenfalls nichts, aber}) (26... c6 {would still have been reasonably solid. wäre noch immer halbwegs solide gewesen.}) 27. Nd5 Qd8 28. Nh4 c6 (28... exd4 29. Nf5 {spells disaster for Black. bedeutet Unheil für Schwarz.}) 29. Ne3 h5 (29... exd4 30. Nhf5 {is similar to the previous note. ist ähnlich der vorigen Anmerkung.}) 30. Nhf5 Qf6 31. Qd3 Bb6 32. Bb1 Kf8 33. Ba2 Bc7 {I've achieved everything I wanted , but it's still not easy to break through, as attempts to play on the kingside with f3 or f4 did not appear convincing at all. I decided that I probably needed to attack a6 somehow, possibly after including d5 ...c5. Ich habe alles erreicht, was ich wollte, aber es ist immer noch nicht leicht durchzubrigen, denn Versuche, mit f3 oder f4 am Königsflügel zu spielen, schienen keineswegs überzeugend. Ich entschied, dass ich wahrscheinlich irgendwie a6 angreifen müssen, womöglich nach dem Einschub von d5 ...c5.} 34. Qb1 Ke8 35. Qb4 {Now the bishop is going to d3, and the queen to e2 or f1. Jetzt geht der Läufer nach d3, und die Dame nach e2 oder f1.} d5 {A tempting move, especially in time-trouble, but now the centralised white pieces will rule. Ein verlockendere Zug, vor allem in Zeitnot, aber jetzt werden die zentralisierten weißen Figuren herrschen.} ({However, passive defence was also unpromising, for instance Passive Verteidigung war allerdings auch nicht verlockend, zum Beispiel} 35... Kf8 36. Bb1 Ke8 37. Bd3 Kf8 38. Qb1 Kg8 39. d5 c5 40. Qf1 Bd7 41. Bxa6 Bxa4 42. Bb5 Bb3 43. f3 gxf3 44. gxf3 {and the black kingside is helpless, with all the minor pieces stranded on the queenside. und mit allen Leichtfiguren am Damenflügel gestrandet, ist der schwarze Königsflügel ist hilflos.}) 36. Bb1 exd4 37. cxd4 dxe4 38. Bxe4 Be6 {This loses, but it is hard to suggest anything better.  Das verliert, aber es fällt schwer, etwas Besseres vorzuschlagen.} 39. Qc5 Kd7 40. d5 cxd5 41. Nxd5 Bxd5 42. Qxd5+ Kc8 43. Ne3 {Material is still equal, but the difference in activity and king safety is simply too huge. Das Material ist noch ausgeglichen, aber der Unterschied in punkto Aktivität und Königssicherheit ist einfach zu riesig.} Qa1+ 44. Kh2 Qxa4 (44... h4 {was the one move I needed to calculate, but it is not too hard to see that after war der einzige Zug, den ich berechnen musste, aber es fällt nicht allzu schwer zu sehen, dass nach} 45. Qa8+ Kd7 46. Bf5+ Ke7 47. Nd5+ Kd6 48. Nxc7 hxg3+ 49. fxg3 Kxc7 50. Qc8+ Kb6 51. Qd8+ Ka7 52. Qxa5 Qh8+ 53. Kg1 Qd4+ 54. Kf1 {White easily escapes the checks and wins. Weiß mühelos den Schachs entkommt und gewinnt.}) 45. Qa8+ Kd7 46. Nd5 {This one is just lazy. I played it fairly quickly, assuming that ...d8, which he did in fact play, was the only move. Der ist einfach faul. Ich spielte ihn recht schnell in der Annahme, dass ...d8, was er in der Tat auch spielte, der einzige Zug war.} (46. Bf5+ Ke7 47. Qa7 Qc6 48. Qd4 {Centralisation! And the threat of d5 is lethal. Zentralisation! Und die Drohung d5 ist tödlich.}) 46... Bd8 (46... Qc6 {would have allowed Black to fight on for a while, as there is no clear-cut win. hätte Schwarz erlaubt, eine Weile weiterzukämpfen, denn einen klaren Gewinn gibt es nicht..} 47. Qh8 Qe6 48. Qxh5 Kd6) (46... Qd4 47. Qf8 Qe5 48. Qxf7+ Kc6 49. Nf6+ Kb5 50. Bd3+ Kc6 51. Nxh5 {would also have prolonged the resistance. hätte den Widerstand ebenfalls verlängert.}) 47. Bf5+ Ke8 48. Qc8 {This one he evidently missed. There is no defence to d7+ followed by f6+, so he resigned. Das hatte er offenbar übersehen. Es gibt keine Verteidigung gegen d7+ nebst f6+, daher gab er auf.} 1-0

[Event "Tata Steel-A 75th"]
[Site "Wijk aan Zee"]
[Date "2013.01.19"]
[Round "7"]
[White "Leko, Peter"]
[Black "Carlsen, Magnus"]
[Result "1/2-1/2"]
[WhiteElo "2735"]
[BlackElo "2861"]
[PlyCount "166"]
[EventDate "2013.01.12"]
[EventType "tourn"]
[EventRounds "13"]
[EventCountry "NED"]
[EventCategory "20"]
[SourceTitle "CBM 153"]
[Source "ChessBase"]
[SourceDate "2013.03.14"]
[SourceVersion "1"]
[SourceVersionDate "2013.03.14"]
[SourceQuality "1"]

1. e4 e5 2. Nf3 Nc6 3. Bb5 Nf6 4. O-O Nxe4 5. Re1 Nd6 6. Nxe5 Be7 7. Bf1 Nxe5 8. Rxe5 O-O 9. d4 Ne8 10. d5 d6 11. Re1 Bg5 12. Nc3 Bxc1 13. Rxc1 Nf6 14. Qd4 Bd7 15. Ne4 $146 ({RR} 15. h3 Re8 16. g4 h6 17. Bg2 Re7 18. f4 Qe8 19. Kf2 Nh7 20. Bf3 f5 21. Rg1 fxg4 22. hxg4 Qf7 23. Rce1 Rf8 24. Rxe7 Qxe7 25. Ne2 Qh4+ 26. Ke3 Nf6 27. Kd2 Nxg4 28. Qxa7 Nh2 29. Qe3 Bb5 {Guliyev,N (2565)-Hirneise,T (2459) Germany 2017 ½-½ (42)}) 15... Re8 16. Nxf6+ Qxf6 17. Qxf6 gxf6 18. Red1 a5 19. f3 Kg7 20. Kf2 a4 21. Rd4 Ra5 22. Rcd1 Rc5 23. R1d2 Ra8 24. Rc4 b6 25. b4 axb3 26. cxb3 Ra3 27. b4 Rxc4 28. Bxc4 f5 29. f4 h6 30. Rd3 Rxd3 31. Bxd3 b5 32. Be2 Kg6 33. Ke3 Kf6 34. Kd4 Ke7 35. Bh5 Bc8 36. Be2 Bd7 37. Kc3 Kd8 38. Bh5 Ke7 39. a3 Ke8 40. Be2 Ke7 41. Kd4 Ke8 42. Ke3 Ke7 43. Kf2 Kf6 44. Kg3 Kg7 45. Kh4 Kg8 46. Kh5 Kh7 47. Bf1 Kg7 48. Bd3 f6 49. Kh4 Kf8 50. Kg3 Ke7 51. Kf2 Kd8 52. Ke3 Ke7 53. Be2 Be8 54. Kd4 Kd8 55. Bd3 Bd7 56. Bc2 Ke7 57. Bd1 Be8 58. Be2 Kd8 59. Ke3 Ke7 60. Bd3 Bd7 61. Kf3 Kf8 62. Kg3 Kg7 63. Kh4 Kg8 64. h3 Kg7 65. Be2 Be8 66. Bf3 Bf7 67. Kg3 Kf8 68. Kf2 Ke7 69. Ke3 Be8 70. Kd4 Kd8 71. Be2 Ke7 72. Kc3 Kd8 73. Bd1 Ke7 74. Bf3 Kd8 75. Be2 Ke7 76. Bd3 Bd7 77. Kd2 Kd8 78. Ke3 Ke7 79. Kf2 Kf8 80. Kg3 Kg7 81. Kh4 Kg8 82. Be2 Be8 83. Kg3 Kf8 1/2-1/2

[Event "Tata Steel-A 75th"]
[Site "Wijk aan Zee"]
[Date "2013.01.22"]
[Round "9"]
[White "Hou, Yifan"]
[Black "Carlsen, Magnus"]
[Result "0-1"]
[WhiteElo "2603"]
[BlackElo "2861"]
[Annotator "Marin,Mihail"]
[PlyCount "132"]
[EventDate "2013.01.12"]
[EventType "tourn"]
[EventRounds "13"]
[EventCountry "NED"]
[EventCategory "20"]
[SourceTitle "CBM 153"]
[Source "ChessBase"]
[SourceDate "2013.03.14"]
[SourceVersion "1"]
[SourceVersionDate "2013.03.14"]
[SourceQuality "1"]

1. e4 {Abasov,Nijat} e5 2. Nf3 Nc6 3. c3 {Is this a psychologyc joke? Did Hou Yifan hope to make Carlsen feel uncomfortable by using his own weapon against him? A double edged experiment...} Nf6 ({RR} 3... d5 4. Qa4) 4. d4 exd4 ({RR} 4... Nxe4 5. d5 Bc5 ({RR} 5... Ne7 6. Nxe5) 6. dxc6 Bxf2+ 7. Ke2 Bb6 8. Qd5 Nf2 9. Rg1 O-O 10. cxb7 Bxb7 11. Qxb7 Qf6 12. Qd5 c6) 5. e5 Nd5 {With a bit of imagination, we can notice some similarities with the Alapin Sicilian.} (5... Ne4 6. Qe2 f5 7. exf6 d5 $13 {De Mondragon,J-Palciauskas,V/USA 1972/Corr Nr. 1 (0-1, 25)}) 6. Bc4 (6. cxd4 Bb4+ {Kanmazalp,O (2379)-Atalik,S (2608)/Golden Sands 2012/CBM 149/[Atalik,S] (0-1, 41)}) ({RR} 6. cxd4) ({RR} 6. Bb5) 6... Nb6 7. Bb3 d5 (7... d6 {looks quite allright, too:} 8. O-O (8. Ng5 Nxe5 9. cxd4 h6) 8... Be7 (8... dxe5 9. Ng5) 9. exd6 ({RR} 9. cxd4 dxe5 10. Nxe5 Nxe5 11. dxe5 Qxd1 12. Rxd1 Be6 ({RR} 12... a5) 13. Bxe6 fxe6 14. Nc3 Kf7) 9... Qxd6 10. Nxd4 ({RR} 10. cxd4 Bg4) 10... Nxd4 11. cxd4 Be6 12. Bxe6 Qxe6 13. Re1 {Strategically, Black is doing great, and the pressure along the e-file allows White only to avoid getting the worse of it.} Qd7 14. Qe2 Nd5 15. Nc3 Nxc3 16. bxc3 O-O $1 17. Rb1 (17. Qxe7 $2 Rae8 $19) 17... b6 18. Bf4 Bd6 {1/2 Sermek,D (2495)-Mikhalchishin,A (2520)/Portoroz 1993/CBM 037}) ({RR} 7... Be7 8. O-O ({RR} 8. cxd4 d6) 8... d6 ({RR} 8... dxc3 9. Nxc3 O-O 10. Bf4 d6) 9. exd6 Qxd6 10. Nxd4 Nxd4 11. cxd4 c6 12. Nc3 O-O 13. Re1 Bf6 14. Be3 ({RR} 14. Ne4 Qxd4 15. Qh5 ({RR} 15. Qf3 Be6 ({RR} 15... Nd5 16. Rd1 Qe5 17. Bxd5 cxd5 18. Rxd5) 16. Bh6 Be5 17. Rad1 Qb4 18. Qh5) 15... Nd5 16. Bd2 Qxb2 17. Bxd5 cxd5 18. Nxf6+ Qxf6 19. Bb4 Be6 20. Bxf8 Rxf8) ({RR} 14. Qh5 Be6 15. Ne4 Qxd4 16. Bg5 Bxg5 17. Nxg5 h6 18. Nxe6 fxe6 19. Bxe6+ Kh8) 14... Bf5 ({RR} 14... Be6 15. Ne4 ({RR} 15. Bc2 Rad8 16. Ne4 Qe7 17. Qd3 g6 18. Nxf6+ Qxf6) 15... Bxb3 ({RR} 15... Qe7 16. d5) 16. Nxd6 ({RR} 16. Qxb3 Qd8) 16... Bxd1 17. Raxd1 Nd5 18. Nxb7 Rfb8 19. Na5 Rxb2 20. Nxc6 Rxa2 21. Ra1 Rxa1 22. Rxa1 Re8) 15. Qf3 Qd7 16. h3 Rad8 17. Rad1 Nd5 18. Bxd5 cxd5 19. Bf4 Bc2 ({RR} 19... Bg6 20. Be5 Bg5 21. Qg3 ({RR} 21. Bf4) 21... f6 ({RR} 21... Bh6 22. Bc7 Rde8 23. Bd6) 22. Bf4 ({RR} 22. Bc7 Rde8) 22... Bxf4 23. Qxf4) 20. Rd2 Bg6 21. Be5 Bg5 ({RR} 21... Be7) 22. Rde2 {Abasov,N (2670)-Esipenko,A (2654) Prague 2020 CBM 206 Extra [Abasov,Nijat] 1-0 (39)} {RR} b5 ({RR} 22... Rfe8 23. Bc7 Rxe2 24. Qxe2 Rc8 25. Qg4 Qxg4 26. hxg4 Bd2 27. Nxd5) 23. h4 Bxh4 24. Qf4 b4 25. Nd1 f6 26. Qxh4 fxe5 27. dxe5 Qe6 28. Qd4) ({RR} 7... dxc3 8. Nxc3) 8. cxd4 Bg4 {An interesting position and I would say no less consistent than those arising from more popular openings. White has the centre, Black intends to undermine it. Just playing in according to the basic rules. Maybe the Ponziani should be tried more often?} 9. Be3 (9. Nc3 Be7 10. h3 Bh5 (10... Bxf3 11. gxf3 Qd7 12. f4 g6) 11. Be3 Qd7 {Emma,J-Pilnik,H/Buenos Aires 1972/EXT 99 (0-1, 43)}) 9... f6 $146 ({It is hard to say whether this pawn break should be played with or without the intermedioate check on b4:} 9... Bb4+ 10. Nc3 f6 11. h3 Bh5 12. g4 Bg6 13. O-O Qd7 $13 {Barrenechea Bahamonde,G (2261)-Maiorov,N (2574)/Paleochora 2012/ (0-1, 39). Carlsen probably thought that the bishop on f8 is more active than the knight on b1. This way, the developing moves from the previous game should favour White abstratly speaking.}) ({RR} 9... Na5 10. Bc2 Nac4 11. O-O Be7 12. b3 Nxe3 13. fxe3 O-O 14. Nc3 Qd7 15. Qd3 g6 16. Qd2 c5 17. h3 Be6 18. Ne2 Rac8 19. Nf4 c4 20. Qf2 Bf5 21. Bxf5 Qxf5 22. g4 Qd7 23. Qg2 c3 24. h4 {Shandrygin,N (2209)-Kalyani Sirin (2243) chess.com INT 2025 1-0 (41)}) 10. O-O $146 ({RR} 10. exf6 Qxf6 11. Nbd2 Bb4 12. h3 Bxd2+ 13. Kxd2 Bxf3 14. Qxf3 Qxf3 15. gxf3 Rf8 16. Rhg1 g6 17. Rg3 a5 18. a4 Ne7 19. Rc1 c6 20. Re1 Kd7 21. Bc2 Nf5 22. Bxf5+ Rxf5 23. b3 Raf8 24. Ke2 Nc8 {Khodko,Y (2249)-Christiansen,J (2659) chess.com INT 2024 0-1 (65)}) ({RR} 10. h3 Bh5 11. Nc3) ({RR} 10. exf6 Qxf6 11. Nbd2 Bb4 12. h3 Bxd2+ 13. Kxd2 Bxf3 14. Qxf3 Qxf3 15. gxf3 Rf8 16. Rhg1 g6 17. Rg3 a5 18. a4 Ne7 19. Rc1 c6 20. Re1 Kd7 21. Bc2 Nf5 22. Bxf5+ Rxf5 23. b3 Raf8 24. Ke2 Nc8 {Khodko,Y (2249)-Christiansen,J (2659) chess.com INT 2024 0-1 (65)}) 10... Qd7 11. h3 Bh5 12. e6 $5 {A bit too optimistic, I assume.} ({White should have kept developing:} 12. Re1 O-O-O 13. Nc3 Kb8 14. Rc1 {with chances to retain some pressure.}) 12... Qd6 $1 (12... Qxe6 13. Ng5 fxg5 (13... Bxd1 14. Nxe6 Bxb3 15. Nxc7+ Kd7 16. Nxa8 $16) 14. Qxh5+ g6 15. Qxg5 $36) 13. Nc3 O-O-O 14. a4 a5 15. Nb5 Qxe6 16. Bf4 Rd7 17. Re1 Qf7 18. Rc1 Bb4 19. Re3 g5 20. Bh2 Nc4 21. Bxc4 dxc4 $15 {Black has stabilized, ha san extra pawn, and even if he loses it somehow, his position is better strategically.} 22. Qc2 (22. g4 Bg6 23. Nd2 Bd3 $15) 22... Bxf3 {I would thin twice before making his concession. Apparently, Carlsen was confident in his ability to maintain the advantage during the process of simplifications.} ({I would prefer} 22... Bg6 23. Qxc4 Qxc4 24. Rxc4 Bf7 25. Rc2 Rhd8 $17 {[%cal Gh7h5]}) 23. Rxf3 Nxd4 24. Nxd4 Rxd4 25. Be5 {Could he have missed this, as a result of premature relaxing? Sounds almost like a blasphemie, but 2800+ are human, too.} Rd2 26. Qf5+ Qd7 27. Qxf6 Re8 28. Bg3 Rd4 29. Rf1 g4 30. hxg4 Rxg4 31. Rf4 h5 32. Rxg4 hxg4 33. Rc1 c3 34. bxc3 Bc5 {Despite having given away the bishops pair and the extra pawn, Black maintains the better chances because of his safer king.} 35. Qg5 b6 36. c4 Re4 37. Qg6 Re2 38. Kf1 Qd2 39. Qxg4+ Kb8 40. Qxe2 Qxc1+ 41. Qe1 Qxc4+ 42. Qe2 Qxa4 43. Be5 Bd4 44. Bxd4 Qxd4 45. g4 Qd5 46. Qe8+ (46. f4 Qh1+ 47. Kf2 Qh2+ 48. Kf3 Qxe2+ 49. Kxe2 Kc8 {Three connected pawns can put the enemy king in zugzwang, while two pwns cannot do the same.} 50. Kd3 Kd7 51. Kc4 c5 52. Kb5 Ke7 53. Ka4 c4 54. Ka3 b5 55. Kb2 a4 {and so on.}) 46... Kb7 47. Qa4 b5 48. Qxa5 Qd1+ 49. Qe1 Qxg4 50. Qe5 Qc4+ 51. Kg2 Qc6+ 52. Kf1 b4 53. f4 b3 54. f5 Ka6 55. Qa1+ Kb6 56. Qh8 Qc1+ 57. Kg2 Qc2+ 58. Kh1 b2 59. Qb8+ Ka5 60. Qa7+ Kb4 61. Qb7+ Ka3 62. Qf3+ Qb3 63. Qa8+ Qa4 64. Qf3+ Ka2 65. Qd5+ Ka1 66. Qe5 c5 0-1

[Event "Tata Steel-A 75th"]
[Site "Wijk aan Zee"]
[Date "2013.01.25"]
[Round "11"]
[White "Wang, Hao"]
[Black "Carlsen, Magnus"]
[Result "1/2-1/2"]
[WhiteElo "2752"]
[BlackElo "2861"]
[PlyCount "61"]
[EventDate "2013.01.12"]
[EventType "tourn"]
[EventRounds "13"]
[EventCountry "NED"]
[EventCategory "20"]
[SourceTitle "CBM 153"]
[Source "ChessBase"]
[SourceDate "2013.03.14"]
[SourceVersion "1"]
[SourceVersionDate "2013.03.14"]
[SourceQuality "1"]

1. e4 c5 2. Nf3 Nc6 3. Bb5 e6 4. O-O Nge7 5. Re1 Ng6 6. c3 d5 7. Qa4 Be7 8. d4 O-O 9. exd5 Qxd5 10. dxc5 $146 ({RR} 10. c4 Qh5 11. Bxc6 bxc6 12. Qa5 f5 13. Nc3 cxd4 14. Nxd4 Bd6 15. f4 Nxf4 16. Bxf4 Bxf4 17. Nf3 g5 18. Ne2 Be3+ 19. Kh1 g4 20. Ne5 f4 21. Rf1 c5 22. Qc7 Bb7 23. Qxb7 Qxe5 24. Rad1 Rab8 {Ansell,S (2373)-Felgaer,R (2571) Caleta 2012 0-1 (46)}) ({RR} 10. c4 Qf5 11. Bxc6 {½-½ (11) Fargere,F (2467)-Tirard,H (2478) Belfort 2012}) 10... Bxc5 11. Nbd2 Be7 12. Nc4 Qd8 13. Bxc6 bxc6 14. Nd4 c5 15. Nc6 Qc7 16. Nxe7+ Nxe7 17. Qa5 Qxa5 18. Nxa5 Ba6 19. Bg5 Rfe8 20. Rad1 h6 21. Bxe7 Rxe7 22. c4 Kf8 23. Rd6 Bb7 24. Red1 Ke8 25. Nc6 Bxc6 26. Rxc6 Rb7 27. b3 a5 28. Rxc5 a4 29. h4 axb3 30. axb3 Rab8 31. Rd3 1/2-1/2